Histoire des États-Unis pour les nuls. - Statistiques

Statistiques générales
  • Ce quiz a été pris 55 743 fois
    52 839 depuis la dernière actualisation
  • Le résultat moyen est 14 sur 20
Statistiques - réponses
Question Réponse % Correct
Quel pays a attaqué la base de Pearl Harbor le 7 décembre 1941? Japon
96%
À quel endroit où aucune autre personne n'avait jamais posé le pied auparavant Neil Armstrong a-t-il marché en 1969? Lune
95%
De quel pays les États-Unis ont-ils obtenu leur indépendance? Royaume-Uni
93%
Qui fut le premier Président afro-américain des États-Unis? Barack Obama
91%
Qui fut le premier Président des États-Unis? George Washington
89%
Quel pays fut le principal adversaire des États-Unis durant la Guerre froide? Union Soviétique
85%
Qu'est-ce qui a amené des milliers de personnes en Californie en 1849? Ruée vers l'Or
82%
Quel chanteur né à Tupelo dans le Mississipi était surnommé le King? Elvis Presley
77%
Quelle guerre a causé la mort de 58 318 soldats américains dans les années 1960 et 1970? Guerre du Viêt Nam
77%
Quel canal, dont la construction fut commencée sous la direction de Ferdinand de Lesseps, fut achevé par les Etats-Unis en 1914? Canal de {Panama}
73%
Quelle guerre "préventive" fut menée dès 2003 par une coalition dont les Etats-Unis prirent la tête, après présentation d'une preuve falsifiée à l'ONU? Guerre d'Irak
67%
Quelle industrie a fait exploser la population de Détroit au cours de la première moitié du XXème siècle? L'industrie {automobile}
66%
Quelle fête commémore l'entente entre les pèlerins et leurs voisins amérindiens à l'automne 1621? Thanksgiving
65%
Quelle ville, fondée sur les rives du lac Michigan en 1837, est devenue la quatrième plus grande ville du monde en 1900? Chicago
63%
Durant quelle guerre Ulysse Grant s'opposa à Robert E. Lee? Guerre de Sécession
63%
Quel officier français joua un rôle central dans l'indépendance des Etats-Unis? Marquis de Lafayette
54%
Quel État a été un pays indépendant durant 10 ans avant de rejoindre les États-Unis en 1845? Texas
53%
Quel Président américain était notamment surnommé "Honest Abe"? Abraham Lincoln
52%
Quel inventeur a notamment fait breveter le phonographe, la caméra et l'ampoule électrique? Thomas Edison
50%
Qu'ont contribué à développer les frères Wright? Avion
40%
Aucun quiz correspondant
Distribution des résultats
% des personnes avec chaque résultat
Percentile par nombre de réponses
Votre historique - résultats
Vous n’avez pas pris ce quiz depuis la dernière actualisation